[Event "Indywidualne Mistrzostwa Polski do lat 20"]
[Site "Pokrzywna"]
[Date "1899-12-30"]
[Round "4.32"]
[White "Jedrusik, Adam"]
[Black "Boryna, Szymon"]
[Result "1-0"]
[WhiteTitle "I"]
[BlackTitle "II"]
[WhiteElo "1891"]
[BlackElo "1107"]

1. d4 d5 2. c4 e6 3. Nc3 Nf6 4. cxd5 exd5 5. Bg5 Be7 6. e3 O-O 7. Bd3 h6 8. Bh4
Bg4 9. Nge2 Nbd7 10. O-O c6 11. Qc2 Rc8 12. f3 Be6 13. Nf4 a6 14. Nxe6 fxe6 15.
Ne2 Bd6 16. Kh1 b5 17. e4 dxe4 18. fxe4 e5 19. dxe5 Bxe5 20. Rad1 Qc7 21. h3 c5
22. Nc3 c4 23. Be2 Bxc3 24. bxc3 Qe5 25. Rd4 g5 26. Rf5 Qe6 27. Bf2 Rfe8 28. Bf3
Rc5 29. Bg3 Rxf5 30. exf5 Qe7 31. Rd6 a5 32. Bc6 Nh5 33. Rg6+ Kh7 34. Bf2 Nf4
35. f6 Nxf6 36. Rxf6+ Kg7 37. Bxe8 Kxf6 38. Bd4+ Ke6 39. Qe4+ Kd6 40. Qc6# 1-0

[Event "Indywidualne Mistrzostwa Polski do lat 20"]
[Site "Pokrzywna"]
[Date "1899-12-30"]
[Round "4.33"]
[White "Baum, Jonasz"]
[Black "Starosciak, Szymon"]
[Result "1-0"]
[WhiteTitle "IM"]
[BlackTitle "I"]
[WhiteElo "2308"]
[BlackElo "1864"]

1. d4 d5 2. c4 c6 3. Nf3 Nf6 4. Qb3 Qc7 5. Nc3 e6 6. g3 Nbd7 7. Bg2 b6 8. cxd5
exd5 9. O-O Bd6 10. Nh4 O-O 11. Nf5 Re8 12. Nxd6 Qxd6 13. Bf4 Qe7 14. Rfe1 Ne4
15. f3 Nxc3 16. Qxc3 c5 17. e4 cxd4 18. Qxd4 Bb7 19. exd5 Qxe1+ 20. Rxe1 Rxe1+
21. Kf2 Rae8 22. Bf1 Nc5 23. Bb5 Nd7 24. Bd2 Rd1 25. Bxd7 Rd8 26. Ba4 Rxd5 27.
Qxd5 Bxd5 28. Bxd1 Bxa2 29. Bf4 Kf8 30. Be2 1-0

[Event "Indywidualne Mistrzostwa Polski do lat 20"]
[Site "Pokrzywna"]
[Date "1899-12-30"]
[Round "4.34"]
[White "Suska, Szymon"]
[Black "Stachecki, Mikolaj"]
[Result "1-0"]
[WhiteTitle "I"]
[BlackTitle "I+"]
[WhiteElo "1548"]
[BlackElo "1822"]

1. e4 c5 2. Nf3 d6 3. d4 cxd4 4. Nxd4 Nf6 5. Nc3 Nc6 6. f3 e5 7. Nb3 Be7 8. Bc4
O-O 9. Be3 Be6 10. Bd5 Bxd5 11. Nxd5 Nxd5 12. exd5 Nb8 13. Qd2 f5 14. O-O-O a5
15. Qf2 Ra6 16. f4 a4 17. Nd2 e4 18. Bd4 Bf6 19. g4 Ra5 20. Bxf6 Qxf6 21. g5 Qf7
22. c4 Rc5 23. Qd4 Na6 24. a3 b5 25. Kb1 b4 26. Ka2 Rfc8 27. h4 Qh5 28. Rde1 R8c7
29. Qe3 b3+ 30. Ka1 Nb8 31. Qc3 Rxd5 32. Qb4 Na6 33. Qxa4 Rxd2 34. Qxa6 Qf7 35.
Qb5 Qxc4 36. Qe8# 1-0

[Event "Indywidualne Mistrzostwa Polski do lat 20"]
[Site "Pokrzywna"]
[Date "1899-12-30"]
[Round "4.35"]
[White "Bochenek, Ryszard"]
[Black "Ochedzan, Filip"]
[Result "0-1"]
[WhiteTitle "II"]
[BlackTitle "II"]
[WhiteElo "1445"]
[BlackElo "1617"]

1. e4 c5 2. Nf3 d6 3. d4 cxd4 4. Nxd4 Nf6 5. Nc3 a6 6. Bc4 b5 7. Bb3 Bb7 8. Qe2
Nc6 9. Be3 Na5 10. f3 Nxb3 11. Nxb3 e6 12. O-O-O Qc7 13. g4 Be7 14. a3 Rc8 15.
h4 d5 16. g5 Nh5 17. Rhg1 Bxa3 18. bxa3 Qxc3 19. Rd3 Qc4 20. Na5 Qc7 21. Nxb7
Qxb7 22. exd5 O-O 23. d6 Rfd8 24. g6 hxg6 25. Bg5 Rd7 26. Bd2 Rc4 27. Qe5 Qc6
28. Bc3 Rc5 29. Qe3 Rd5 30. Rxd5 Qxd5 31. Bb4 a5 32. Rd1 Qc6 33. Bc5 Ng3 34. Rd3
Nf5 35. Qe5 Nxh4 36. Rc3 Qd5 37. Qxd5 exd5 38. Rd3 Nf5 39. Rxd5 f6 40. f4 Kf7
41. Bb6 Ke6 42. Rxb5 Nxd6 43. Rb3 Nc4 44. Bc5 Rd5 45. Bg1 Rh5 46. Rc3 Kd5 47.
Rd3+ Kc6 48. Rg3 g5 49. fxg5 Rxg5 50. Rxg5 fxg5 51. Bd4 g6 52. Bc3 Kb5 53. Kd1
Nxa3 54. Be5 Nc4 55. Bd4 Nd6 56. Ke2 Kc4 57. Be5 Kd5 58. Bf6 g4 59. Ke3 Ne4 60.
Bg7 Ng5 61. Bb2 Nh3 62. Bf6 g5 63. Bg7 a4 64. Ke2 Ke4 65. c4 g3 66. Kf1 Kf3 0-1

[Event "Indywidualne Mistrzostwa Polski do lat 20"]
[Site "Pokrzywna"]
[Date "1899-12-30"]
[Round "4.36"]
[White "Klim, Juliusz"]
[Black "Zimny, Jakub"]
[Result "1-0"]
[WhiteTitle "II"]
[BlackTitle "II+"]
[WhiteElo "1292"]
[BlackElo "1569"]

1. e4 c5 2. Nf3 e6 3. d4 cxd4 4. Nxd4 Nf6 5. Nc3 Nc6 6. Ndb5 Bb4 7. a3 Bxc3+ 8.
Nxc3 d5 9. Bd3 O-O 10. O-O d4 11. Ne2 Qc7 12. f4 Rd8 13. e5 Nd5 14. Ng3 Kh8 15.
Qh5 g6 16. Qh6 Nce7 17. Nh5 Rg8 18. Rf3 Qd8 19. Rh3 Qf8 20. Qxh7+ Kxh7 21. Nf6+
1-0

[Event "Indywidualne Mistrzostwa Polski do lat 20"]
[Site "Pokrzywna"]
[Date "1899-12-30"]
[Round "5.1"]
[White "Janik, Igor"]
[Black "Kosakowski, Jakub"]
[Result "1/2-1/2"]
[WhiteTitle "IM"]
[BlackTitle "IM"]
[WhiteElo "2489"]
[BlackElo "2431"]

1. c4 Nf6 2. Nc3 g6 3. g3 Bg7 4. Bg2 O-O 5. d4 d6 6. Nf3 Nc6 7. O-O Rb8 8. Qc2
a6 9. Rd1 Bd7 10. e4 Bg4 11. Be3 Nd7 12. h3 Bxf3 13. Bxf3 e5 14. d5 Nd4 15. Bxd4
exd4 16. Ne2 c5 17. dxc6 bxc6 18. Nxd4 Ne5 19. Bg2 c5 20. Nb3 Rb4 21. Rab1 Qb8
22. Nd2 Nc6 23. b3 a5 24. Nf1 Bd4 25. Kh2 Qa7 26. f4 Rb6 27. Qe2 Rfb8 28. Nd2
a4 29. bxa4 Rxb1 30. Rxb1 Rxb1 31. Nxb1 Qxa4 32. e5 dxe5 33. Bxc6 Qxc6 34. fxe5
Qe8 35. e6 fxe6 36. Nd2 Kg7 37. Nf3 Bf6 38. h4 Qa8 39. Ne1 Bd4 40. Nd3 Qa6 41.
Nxc5 Bxc5 42. Qe5+ Kf7 43. Qxc5 Qxa2+ 44. Kh3 Qe2 45. Qc7+ Kg8 46. Qd8+ Kg7 47.
Qc7+ Kg8 48. Qc8+ Kf7 49. Qd7+ Kg8 50. Qd8+ Kf7 51. Qd4 e5 52. Qd5+ Ke7 53. Qc5+
1/2-1/2

[Event "Indywidualne Mistrzostwa Polski do lat 20"]
[Site "Pokrzywna"]
[Date "1899-12-30"]
[Round "5.2"]
[White "Fus, Jakub"]
[Black "Teclaf, Pawel"]
[Result "1/2-1/2"]
[WhiteTitle "FM"]
[BlackTitle "IM"]
[WhiteElo "2401"]
[BlackElo "2477"]

1. d4 Nf6 2. c4 g6 3. Nc3 d5 4. cxd5 Nxd5 5. e4 Nxc3 6. bxc3 Bg7 7. Nf3 c5 8. Be3
O-O 9. Rc1 Nd7 10. d5 Qa5 11. Qd2 b6 12. Bd3 Ba6 13. c4 Qxd2+ 14. Nxd2 e6 15.
Be2 Rae8 16. g3 f5 17. dxe6 Rxe6 18. exf5 gxf5 19. Bf3 Rd6 20. O-O Ne5 21. Bd5+
Rxd5 22. cxd5 Bxf1 23. Kxf1 Rd8 24. a4 Rxd5 25. a5 Ng4 26. axb6 axb6 27. Nc4 b5
28. Nb6 Nxe3+ 29. fxe3 Re5 30. Nd7 Rxe3 31. Rxc5 b4 32. Rb5 Rb3 33. Nc5 Rb1+ 34.
Kg2 Bc3 35. Nd3 b3 36. Nc5 b2 37. Na4 Bf6 38. Kh3 Kg7 39. Rxf5 Rc1 40. Nxb2 Bxb2
41. Rf2 Bf6 42. Kg2 Kg6 43. Kh3 Rd1 44. Kg2 Bd4 45. Ra2 Kf5 46. Ra5+ Be5 47. Ra2
Rd6 48. Rf2+ Ke6 49. Re2 Kd5 50. Ra2 Rf6 51. Rf2 Ra6 52. Rf7 h6 53. Rf2 Kd4 54.
Re2 Ra5 55. Kf3 Kd5 56. Kg4 Ke6 57. Rd2 h5+ 58. Kf3 Kf5 59. Rc2 Ra4 60. Rd2 h4
61. gxh4 Rxh4 62. Rd8 Rh3+ 63. Ke2 Ke4 64. Re8 Ra3 65. h4 Rh3 66. h5 Rxh5 67.
Re7 Rh2+ 68. Ke1 Kf4 69. Kd1 Ra2 70. Re8 Bd4 71. Re2 Ra3 72. Re8 Kf3 73. Kc2 Be3
74. Rf8+ Ke2 75. Rh8 Ra7 76. Rh2+ Bf2 77. Kc3 Ke3 78. Kc4 Rd7 79. Rh8 Rd4+ 80.
Kc5 Kd3 81. Kc6 Kc4 82. Rh1 Be3 83. Re1 Rd3 84. Rh1 Ra3 85. Rh4+ Bd4 86. Rh1 Ra6+
87. Kd7 Kd5 88. Rd1 Ra8 89. Rd2 Rh8 90. Rd1 Rh7+ 91. Kd8 Ke5 92. Kc8 Ra7 93. Rd2
Ra6 94. Kb7 Rd6 95. Rh2 Kd5 96. Rh5+ Kc4 97. Kc7 Rg6 98. Rh1 Rg3 99. Kd7 Kd5 100.
Rd1 Rg4 101. Rd2 Rg1 102. Kd8 Re1 103. Kd7 Ra1 104. Kd8 Ra7 105. Rd1 Rh7 106.
Rd2 Ke5 107. Kc8 Rf7 108. Rd1 Bb6 109. Rd7 Rxd7 110. Kxd7 Bc7 111. Kxc7 1/2-1/2

[Event "Indywidualne Mistrzostwa Polski do lat 20"]
[Site "Pokrzywna"]
[Date "1899-12-30"]
[Round "5.3"]
[White "Pacan-milej, Kosma"]
[Black "Psyk, Radoslaw"]
[Result "1/2-1/2"]
[WhiteTitle "FM"]
[BlackTitle "k++"]
[WhiteElo "2423"]
[BlackElo "2375"]

1. d4 Nf6 2. c4 e6 3. Nc3 d5 4. cxd5 exd5 5. Bg5 Be7 6. e3 c6 7. Bd3 Nbd7 8. Qc2
Nh5 9. Bxe7 Qxe7 10. O-O-O Nb6 11. Kb1 g6 12. Nge2 Ng7 13. Ng3 Bd7 14. Rc1 h5
15. Rhe1 h4 16. e4 Be6 17. exd5 cxd5 18. Nge2 Qf6 19. g3 Qxf2 20. gxh4 O-O 21.
h5 Nxh5 22. Rg1 Kh8 23. Qd2 Bf5 24. Bxf5 Qxf5+ 25. Ka1 Kg7 26. Rcf1 Qe6 27. h4
Rh8 28. Qg5 Rae8 29. Rf3 Qe7 30. Qf5 Qe6 31. Qg5 Kg8 32. Nf4 Nxf4 33. Rxf4 Qe3
34. Rgf1 Rh5 35. Qg2 Qe7 36. a4 Rf8 37. a5 Nc4 38. Nxd5 Rxd5 39. Qxd5 Qb4 40.
R1f2 Qa4+ 41. Kb1 Qd1+ 42. Ka2 Qa4+ 43. Kb1 1/2-1/2

[Event "Indywidualne Mistrzostwa Polski do lat 20"]
[Site "Pokrzywna"]
[Date "1899-12-30"]
[Round "5.4"]
[White "Szpar, Milosz"]
[Black "Klimkowski, Jan"]
[Result "1/2-1/2"]
[WhiteTitle "FM"]
[BlackTitle "FM"]
[WhiteElo "2449"]
[BlackElo "2305"]

1. c4 Nf6 2. Nf3 e6 3. Nc3 c5 4. g3 Nc6 5. Bg2 d5 6. cxd5 exd5 7. d4 cxd4 8. Nxd4
Qb6 9. Nxc6 bxc6 10. O-O Be7 11. Na4 Qb5 12. Be3 O-O 13. Qc2 Bg4 14. Rfe1 Bb4
15. Nc3 Qc4 16. Qd3 Qxd3 17. exd3 Bf5 18. Red1 Nd7 19. a3 Bxc3 20. bxc3 Ne5 21.
Bf1 a6 22. h3 h5 23. Rab1 Rfb8 24. Rxb8+ Rxb8 25. Bf4 Re8 26. Kg2 f6 27. Re1 Kf8
28. d4 Nc4 29. Rxe8+ Kxe8 30. Bxc4 dxc4 1/2-1/2

[Event "Indywidualne Mistrzostwa Polski do lat 20"]
[Site "Pokrzywna"]
[Date "1899-12-30"]
[Round "5.5"]
[White "Czernek, Tymon"]
[Black "Chyzy, Jakub"]
[Result "1-0"]
[WhiteTitle "FM"]
[BlackTitle "FM"]
[WhiteElo "2359"]
[BlackElo "2250"]

1. e4 e5 2. Nf3 Nc6 3. Bc4 Nf6 4. d3 Be7 5. O-O O-O 6. Bb3 d6 7. c3 Na5 8. Bc2
c5 9. Nbd2 Nc6 10. Re1 Re8 11. Nf1 Bf8 12. Ng3 g6 13. h3 Bg7 14. Be3 b6 15. Qd2
Qc7 16. Bh6 Bh8 17. Nh4 d5 18. Bb3 dxe4 19. dxe4 Be6 20. Bxe6 Rxe6 21. Nhf5 Qd8
22. Qg5 Ne8 23. Qg4 Nf6 24. Qh4 Nd7 25. Bg5 Bf6 26. Nh6+ Kg7 27. Nxf7 Qe7 28.
Bxf6+ Rxf6 29. Nh6 Qe6 30. Rad1 Raf8 31. Ng4 Rf4 32. Qh6+ Kh8 33. Nf5 Rg8 34.
Rd6 Qf7 35. Nfe3 Nd8 36. Red1 1-0

[Event "Indywidualne Mistrzostwa Polski do lat 20"]
[Site "Pokrzywna"]
[Date "1899-12-30"]
[Round "5.6"]
[White "Seemann, Jakub"]
[Black "Mis, Mieszko"]
[Result "1/2-1/2"]
[WhiteTitle "FM"]
[BlackTitle "FM"]
[WhiteElo "2306"]
[BlackElo "2358"]

1. d4 Nf6 2. c4 e6 3. Nf3 d5 4. g3 dxc4 5. Bg2 a6 6. O-O b5 7. Ne5 Nd5 8. Nc3 Bb7
9. e4 Nf6 10. Bg5 Nbd7 11. Nxd7 Qxd7 12. d5 Be7 13. Bh3 b4 14. Bxf6 Bxf6 15. dxe6
Qxd1 16. Nxd1 Bxe4 17. Re1 Bd3 18. Rc1 c5 19. exf7+ Kxf7 20. Be6+ Kg6 21. Bxc4
Bxc4 22. Rxc4 Bd4 23. Kf1 a5 24. Rc2 Rhe8 25. Rxe8 Rxe8 26. b3 Kf5 27. Nb2 Bxb2
28. Rxb2 Rc8 29. Rc2 Ke4 30. Ke2 c4 31. bxc4 Kd4 32. Rd2+ Kc3 33. Rd7 a4 34. Rxg7
Kb2 35. Rb7 Rxc4 36. Kd3 Rc3+ 37. Kd2 Rc2+ 38. Kd3 Rc3+ 39. Kd2 Rc2+ 40. Kd3 Rc3+
1/2-1/2

[Event "Indywidualne Mistrzostwa Polski do lat 20"]
[Site "Pokrzywna"]
[Date "1899-12-30"]
[Round "5.7"]
[White "Godzwon, Iwo"]
[Black "Suder, Jakub"]
[Result "1-0"]
[WhiteTitle "FM"]
[BlackTitle "k"]
[WhiteElo "2347"]
[BlackElo "2239"]

1. e4 c5 2. Nf3 Nc6 3. d4 cxd4 4. Nxd4 Nf6 5. Nc3 e6 6. Ndb5 Bb4 7. a3 Bxc3+ 8.
Nxc3 d5 9. exd5 exd5 10. Bd3 O-O 11. O-O d4 12. Ne2 Bg4 13. f3 Bh5 14. Bg5 Qd6
15. Qd2 Bg6 16. Rad1 Rad8 17. Qf4 Qxf4 18. Nxf4 Bxd3 19. Nxd3 Rd6 20. Rfe1 Rc8
21. Bxf6 Rxf6 22. Nc5 b6 23. Nb3 Rd6 24. Rd3 Rcd8 25. c3 f5 26. Red1 Ne5 27. Rxd4
Nc4 28. Rxd6 Rxd6 29. Rxd6 Nxd6 30. Nd2 Kf7 31. Kf2 Ke6 32. Ke3 Kd5 33. b3 a5
34. c4+ Kc5 35. Kd3 b5 36. cxb5 Kxb5 37. Kd4 g6 38. Kd5 Nb7 39. Nc4 1-0

[Event "Indywidualne Mistrzostwa Polski do lat 20"]
[Site "Pokrzywna"]
[Date "1899-12-30"]
[Round "5.8"]
[White "Kozlowski, Pawel"]
[Black "Chylewski, Patryk"]
[Result "0-1"]
[WhiteTitle "I++"]
[BlackTitle "FM"]
[WhiteElo "1924"]
[BlackElo "2330"]

1. e4 c5 2. Nc3 e6 3. g3 d5 4. Bg2 dxe4 5. Nxe4 Be7 6. Ne2 Nc6 7. d3 Nf6 8. O-O
O-O 9. c3 Qb6 10. Qc2 Bd7 11. Bg5 Nxe4 12. Bxe7 Nxe7 13. dxe4 e5 14. Rfd1 Be6
15. b3 a5 16. c4 Nc6 17. h3 a4 18. f4 f6 19. f5 Bf7 20. g4 Qb4 21. Bf1 Rfb8 22.
Qc3 Qxc3 23. Nxc3 axb3 24. axb3 Nd4 25. Rab1 Ra3 26. Na4 b6 27. Ra1 Rxb3 28. Rab1
Be8 29. Rxb3 Bxa4 30. Rxd4 exd4 31. Rb2 Kf7 32. Kf2 Ke7 33. Kg3 Kd6 34. Kf4 Bc6
35. Bd3 Ra8 36. Rxb6 Ra3 37. Bf1 Re3 38. Bg2 Kc7 39. Rb1 Re2 40. Bf3 Rc2 41. Ra1
Bb7 42. g5 Rxc4 43. gxf6 gxf6 44. Rg1 Rb4 45. Rg7+ Kd8 46. Rg8+ Ke7 47. Rg7+ Ke8
48. Bh5+ Kd8 49. Rg8+ Kc7 50. Rg7+ Kb8 51. e5 d3+ 52. Ke3 Re4+ 53. Kxd3 Rxe5 54.
Rxh7 Rxf5 55. Bg4 Rf4 56. Rf7 Bd5 57. Rf8+ Kc7 58. Ke3 Re4+ 59. Kd2 Rf4 60. Ke3
Rf1 61. Be2 Rb1 62. Bg4 Rb3+ 63. Kd2 Rb6 64. Kc3 Ba2 65. Ra8 Be6 66. Rf8 Bd5 67.
h4 Rb3+ 68. Kd2 Rb4 69. Be2 Rxh4 70. Rxf6 Rh2 71. Ke3 Bc6 72. Rf2 Rh6 73. Kd2
Kd6 74. Bd3 Bd5 75. Rf4 Be6 76. Kc3 Rh3 77. Kd2 Ke5 78. Re4+ Kd5 79. Re3 Rh4 80.
Kc3 Ra4 81. Re1 Ra3+ 82. Kd2 Kd6 83. Rc1 Ra4 84. Kc3 c4 85. Bc2 Ra3+ 86. Kd4 Ra2
87. Be4 Rd2+ 88. Ke3 Rh2 89. Ra1 Kc5 90. Rc1 Rh3+ 91. Kf4 Bd5 92. Bf5 Rf3+ 93.
Ke5 Re3+ 94. Kf4 Re2 95. Rc2 Re1 96. Kg3 Be4 97. Bxe4 Rxe4 98. Kf3 Re8 99. Rc1
Kb4 100. Rb1+ Kc3 101. Rb7 Kc2 102. Rc7 c3 103. Rc6 Kd2 104. Rd6+ Kc1 105. Rc6
c2 106. Rd6 Rb8 107. Ke2 Kb1 0-1

[Event "Indywidualne Mistrzostwa Polski do lat 20"]
[Site "Pokrzywna"]
[Date "1899-12-30"]
[Round "5.9"]
[White "Madajczak, Piotr"]
[Black "Karpus, Michal"]
[Result "1/2-1/2"]
[WhiteTitle "I"]
[BlackTitle "FM"]
[WhiteElo "1829"]
[BlackElo "2311"]

1. c4 g6 2. Nc3 Nf6 3. g3 Bg7 4. Bg2 d6 5. d3 O-O 6. e4 e5 7. Nge2 Nbd7 8. O-O
c6 9. h3 a6 10. f4 b5 11. f5 Bb7 12. g4 h6 13. Ng3 d5 14. cxd5 cxd5 15. exd5 b4
16. Na4 Qa5 17. fxg6 fxg6 18. Be4 Bxd5 19. Be3 Nxe4 20. dxe4 Rxf1+ 21. Kxf1 Bc6
22. b3 Nf6 23. Qc2 Rc8 24. Kg1 Qb5 25. Rc1 Bb7 26. Nc5 Bf8 27. Qc4+ Qxc4 28. Rxc4
Bxc5 29. Rxc5 Rxc5 30. Bxc5 Nxe4 31. Nxe4 1/2-1/2

[Event "Indywidualne Mistrzostwa Polski do lat 20"]
[Site "Pokrzywna"]
[Date "1899-12-30"]
[Round "5.10"]
[White "Kozak, Antoni"]
[Black "Golecki, Jan"]
[Result "1/2-1/2"]
[WhiteTitle "m"]
[BlackTitle "k"]
[WhiteElo "2375"]
[BlackElo "2162"]

1. Nf3 Nf6 2. c4 e6 3. g3 b6 4. Bg2 Bb7 5. O-O Be7 6. Nc3 O-O 7. Re1 d5 8. cxd5
Nxd5 9. e4 Nxc3 10. bxc3 c5 11. d4 Nc6 12. d5 exd5 13. exd5 Na5 14. Ne5 Bf6 15.
Bf4 Bxe5 16. Bxe5 Qd7 17. Qh5 f6 18. Bf4 Qf7 19. Qxf7+ Rxf7 20. Rad1 Rd8 21. Bh3
f5 22. Re5 Kf8 23. Bf1 h6 24. Bb5 Bc6 25. Be2 Bd7 26. Re3 Ba4 27. Rd2 g5 28. Be5
a6 29. c4 b5 30. Ra3 f4 31. cxb5 axb5 32. Bxb5 Bxb5 33. Rxa5 Re7 34. Rxb5 Rxe5
35. Rxc5 f3 36. h3 Re1+ 37. Kh2 Re2 38. Rcc2 Rde8 39. Kg1 Rxd2 40. Rxd2 Re1+ 41.
Kh2 Re2 42. Rd3 Rxf2+ 43. Kg1 Rxa2 44. d6 f2+ 45. Kf1 Ke8 46. d7+ Kd8 47. g4 Ra7
48. Rd6 Rxd7 49. Rxh6 Rd5 50. Re6 Kd7 51. Re3 Rd2 52. Kg2 Kd6 53. Re8 Ra2 54.
Rf8 Ke6 55. Rf5 Ra3 56. Rxf2 Ra5 57. Rf3 Rb5 58. Kg3 Rb1 59. Kg2 Rb2+ 60. Rf2
Rb5 61. h4 gxh4 62. Kh3 Rb8 63. Kxh4 Rh8+ 64. Kg3 Rg8 65. Rf5 Rh8 66. Rf2 Rg8
67. Rf1 Ke5 68. Rf5+ Ke6 69. Kf4 Ra8 70. Kg5 Rg8+ 71. Kh4 Rh8+ 72. Rh5 Rg8 73.
Rh7 Kf6 74. g5+ Kg6 75. Rh6+ Kg7 76. Ra6 Rb8 77. Ra7+ Kg6 78. Kh3 Rb3+ 79. Kh2
Rb2+ 80. Kh1 Kxg5 81. Ra4 Rc2 82. Ra8 Kg4 83. Ra3 Rb2 84. Kg1 Kf4 85. Kf1 Ke4
86. Ke1 Rh2 87. Kd1 Kd4 88. Ke1 Rb2 1/2-1/2

[Event "Indywidualne Mistrzostwa Polski do lat 20"]
[Site "Pokrzywna"]
[Date "1899-12-30"]
[Round "5.11"]
[White "Kowalski, Igor"]
[Black "Sowinski, Pawel"]
[Result "0-1"]
[WhiteTitle "FM"]
[BlackTitle "I++"]
[WhiteElo "2355"]
[BlackElo "1767"]

1. e4 e5 2. Nf3 Nc6 3. Bc4 Bc5 4. c3 Nf6 5. d3 d6 6. O-O Qe7 7. Nbd2 Bb6 8. Bb3
Be6 9. Bc2 h6 10. a4 a5 11. Qe2 g5 12. Nc4 g4 13. Nfd2 Ba7 14. Nb3 h5 15. Bg5
h4 16. Ne3 O-O-O 17. Nd5 Nxd5 18. Bxe7 Ndxe7 19. d4 exd4 20. Nxd4 Nxd4 21. cxd4
Bxd4 22. Qd3 Nc6 23. Bb3 g3 24. Bxe6+ fxe6 25. Kh1 gxf2 26. Qh3 Kd7 27. Rad1 Bc5
28. Qb3 b6 29. Qb5 e5 30. Rd5 Rdf8 31. Qe2 Rf4 32. Rxc5 bxc5 33. Rxf2 Nd4 34.
Qe3 Rhf8 35. Rxf4 Rxf4 36. h3 Ne6 37. Qe1 Ng5 38. g3 hxg3 39. Qxg3 Nxe4 40. Qe1
Rf1+ 0-1

[Event "Indywidualne Mistrzostwa Polski do lat 20"]
[Site "Pokrzywna"]
[Date "1899-12-30"]
[Round "5.12"]
[White "Dixa, Oskar"]
[Black "Niedbala, Bartlomiej"]
[Result "0-1"]
[WhiteTitle "k"]
[BlackTitle "FM"]
[WhiteElo "2087"]
[BlackElo "2348"]

1. e4 c6 2. d4 d5 3. e5 Bf5 4. Nc3 e6 5. g4 Bg6 6. h4 h5 7. g5 Bf5 8. Bd3 Bxd3
9. Qxd3 g6 10. Nge2 Ne7 11. Bd2 Nd7 12. f4 Nf5 13. Nd1 c5 14. c3 Qb6 15. Kf2 Be7
16. b3 O-O 17. Ne3 Nxe3 18. Bxe3 Rfc8 19. Rhc1 Qc6 20. Ng1 b5 21. Nf3 c4 22. bxc4
dxc4 23. Qc2 Nb6 24. Nd2 Ba3 25. Rd1 b4 26. Ne4 bxc3 27. Nf6+ Kg7 28. Qxc3 Qa4
29. Rab1 Nd5 30. Nxd5 exd5 31. f5 Rab8 32. Bd2 gxf5 33. g6 fxg6 34. Qe3 f4 35.
Qh3 c3 36. Rxb8 Rxb8 37. Qxc3 Be7 38. Rg1 Bxh4+ 39. Kf3 Qd7 40. e6 Qxe6 41. Qc7+
Qe7 42. Qxb8 Qe4# 0-1

[Event "Indywidualne Mistrzostwa Polski do lat 20"]
[Site "Pokrzywna"]
[Date "1899-12-30"]
[Round "5.13"]
[White "Sernecki, Franciszek"]
[Black "Jarzebowski, Kacper"]
[Result "1/2-1/2"]
[WhiteTitle "FM"]
[BlackTitle "k+"]
[WhiteElo "2266"]
[BlackElo "2107"]

1. d4 Nf6 2. c4 e5 3. dxe5 Ng4 4. Bf4 g5 5. Bg3 Bg7 6. h4 Nxe5 7. hxg5 Qxg5 8.
e3 d6 9. Nc3 Be6 10. Nh3 Qh6 11. Qc2 Nbd7 12. O-O-O O-O-O 13. Be2 Qg6 14. Qa4
Bxh3 15. Rxh3 Nc5 16. Qc2 f5 17. Nd5 Rd7 18. f3 Ne6 19. Qa4 Nc6 20. Qc2 Ne5 21.
Qa4 Nc6 22. Qc2 Ne5 1/2-1/2

[Event "Indywidualne Mistrzostwa Polski do lat 20"]
[Site "Pokrzywna"]
[Date "1899-12-30"]
[Round "5.14"]
[White "Luberanski, Jakub"]
[Black "Redzisz, Michal"]
[Result "1-0"]
[WhiteTitle "k"]
[BlackTitle "k"]
[WhiteElo "2125"]
[BlackElo "2212"]

1. d4 Nf6 2. c4 c5 3. d5 e6 4. Nc3 exd5 5. cxd5 d6 6. Nf3 g6 7. Nd2 Bg7 8. e4 O-O
9. Be2 Nbd7 10. O-O a6 11. a4 Re8 12. f4 Rb8 13. Qc2 Qc7 14. b3 c4 15. bxc4 Nc5
16. Ra3 Re7 17. h3 Nfxe4 18. Ncxe4 Bf5 19. Bd3 Nxd3 20. Qxd3 Rbe8 21. Re1 Qb6+
22. Kh2 Bh6 23. Qf3 Qd4 24. Rd3 Qa1 25. Rde3 Bxe4 26. Nxe4 Qd4 27. Ng5 Bxg5 28.
fxg5 Rxe3 29. Rxe3 1-0

[Event "Indywidualne Mistrzostwa Polski do lat 20"]
[Site "Pokrzywna"]
[Date "1899-12-30"]
[Round "5.15"]
[White "Kokoszczynski, Jan"]
[Black "Panek, Bartosz"]
[Result "1-0"]
[WhiteTitle "FM"]
[BlackTitle "I+"]
[WhiteElo "2221"]
[BlackElo "1981"]

1. c4 g6 2. Nc3 Bg7 3. d4 e6 4. Nf3 d5 5. Bg5 f6 6. Bf4 c6 7. e3 Ne7 8. Bd3 O-O
9. O-O Nd7 10. cxd5 cxd5 11. Qb3 Kh8 12. Rac1 Nb6 13. Rfd1 Nc6 14. Bg3 Na5 15.
Qc2 Bd7 16. h4 Be8 17. Qe2 Bf7 18. Nb5 Nc6 19. Nd6 Qe7 20. Bb5 Na5 21. Qe1 Nac4
22. Nxc4 Nxc4 23. Bxc4 dxc4 24. Rxc4 e5 25. Qb4 Qxb4 26. Rxb4 Bd5 27. dxe5 Bxf3
28. gxf3 Rf7 29. e6 Re7 30. Rd7 1-0

[Event "Indywidualne Mistrzostwa Polski do lat 20"]
[Site "Pokrzywna"]
[Date "1899-12-30"]
[Round "5.16"]
[White "Fiedorek, Michal"]
[Black "Kaliszuk, Kamil"]
[Result "1/2-1/2"]
[WhiteTitle "FM"]
[BlackTitle "I+"]
[WhiteElo "2176"]
[BlackElo "1961"]

1. e4 e6 2. d4 d5 3. Nd2 c5 4. exd5 Qxd5 5. Ngf3 cxd4 6. Bc4 Qd7 7. O-O Nc6 8.
Nb3 Nf6 9. Nbxd4 Nxd4 10. Nxd4 a6 11. Re1 b5 12. Bf1 Bb7 13. c3 Be7 14. Bf4 O-O
15. Qc2 Nd5 16. Bg3 Bd6 17. Rad1 Bxg3 18. hxg3 Rac8 19. Qe2 Qc7 20. Qh5 Rfd8 21.
Qh4 Qb6 22. Bd3 Nf6 23. a3 Rd5 24. g4 h6 25. f4 Rxd4 26. cxd4 Qxd4+ 27. Qf2 Qxf2+
28. Kxf2 Nxg4+ 29. Kg3 Nf6 30. Kf2 Ng4+ 31. Kg1 Kf8 32. Rc1 Rd8 33. Be4 Bxe4 34.
Rxe4 Nf6 35. Re2 g6 36. Rc6 Ng4 37. g3 Rd3 38. Kg2 Ne3+ 39. Kf2 Ng4+ 40. Kg2 Ne3+
41. Kf2 Ng4+ 42. Kg2 Ne3+ 1/2-1/2

[Event "Indywidualne Mistrzostwa Polski do lat 20"]
[Site "Pokrzywna"]
[Date "1899-12-30"]
[Round "5.17"]
[White "Meers, Hubert"]
[Black "Trybus, Daniel"]
[Result "0-1"]
[WhiteTitle "k"]
[BlackTitle "I++"]
[WhiteElo "1986"]
[BlackElo "2125"]

1. e4 Nf6 2. e5 Nd5 3. d4 d6 4. Nf3 g6 5. Bc4 c6 6. O-O Bg7 7. Re1 O-O 8. h3 dxe5
9. Nxe5 Bf5 10. c3 Nd7 11. Nxd7 Qxd7 12. Nd2 b5 13. Bf1 b4 14. Qf3 bxc3 15. bxc3
Nxc3 16. Bb2 Nb5 17. Nb3 Rad8 18. Rac1 Rc8 19. Qe3 Rc7 20. g4 Be6 21. Nc5 Qd6
22. Nxe6 fxe6 23. Bxb5 cxb5 24. Rxc7 Qxc7 25. Qxe6+ Rf7 26. Re2 b4 27. Qb3 a5
28. Rc2 Qf4 29. Qd5 Qf3 30. Rc8+ Bf8 31. Qxf3 Rxf3 32. Kf1 a4 33. d5 Rd3 34. Bc1
Kf7 35. Rc5 Bg7 36. Ke2 Rxh3 37. d6 exd6 38. Rc7+ Kg8 39. Rc8+ Bf8 40. Rb8 d5
41. Rd8 Kf7 42. Rxd5 Rc3 43. Kd2 Ke6 44. Rb5 a3 45. Kd1 Bc5 46. Bd2 Rc4 47. Ke2
Kd5 48. Rb7 Rc2 49. Kd3 Rxa2 50. Rxh7 Rxd2+ 51. Kxd2 a2 52. Rh1 Bd4 53. f4 b3
54. f5 gxf5 55. gxf5 b2 56. f6 Bxf6 0-1

[Event "Indywidualne Mistrzostwa Polski do lat 20"]
[Site "Pokrzywna"]
[Date "1899-12-30"]
[Round "5.18"]
[White "Skurniak, Szymon"]
[Black "Budzisz, Adrian"]
[Result "1-0"]
[WhiteTitle "k"]
[BlackTitle "I+"]
[WhiteElo "2117"]
[BlackElo "1955"]

1. d4 Nf6 2. Nc3 d5 3. Bg5 g6 4. Bxf6 exf6 5. e3 Bg7 6. Bd3 Be6 7. h4 h5 8. Nge2
c6 9. Nf4 Qd7 10. Nxe6 Qxe6 11. Ne2 Nd7 12. Rc1 Qd6 13. a3 Bh6 14. g3 Nb6 15.
Nf4 Bxf4 16. gxf4 f5 17. Qe2 O-O-O 18. b4 Rhe8 19. Kf1 Kb8 20. Kg2 Re6 21. c3
Rde8 22. Rc2 Nd7 23. c4 Nf6 24. c5 Qc7 25. b5 Ng4 26. bxc6 Rg8 27. Rb2 Rxc6 28.
Rhb1 b6 29. Rb5 g5 30. cxb6 axb6 31. hxg5 Rxg5 32. Rxb6+ Rxb6 33. Rxb6+ Qxb6 34.
fxg5 Qc7 35. Qb2+ Ka7 36. Qc2 Qh2+ 37. Kf1 Qh1+ 38. Ke2 Qg2 39. Qc7+ Ka8 40. Qc8+
Ka7 41. Qxf5 h4 42. Qxf7+ Kb6 43. g6 1-0

[Event "Indywidualne Mistrzostwa Polski do lat 20"]
[Site "Pokrzywna"]
[Date "1899-12-30"]
[Round "5.19"]
[White "Dzwierzynski, Bartosz"]
[Black "Krawczyk, Flawian"]
[Result "1/2-1/2"]
[WhiteTitle "I"]
[BlackTitle "I"]
[WhiteElo "1939"]
[BlackElo "2073"]

1. d4 Nf6 2. c4 g6 3. Nc3 Bg7 4. e4 d6 5. Nf3 O-O 6. Be2 e5 7. O-O Nc6 8. d5 Ne7
9. b4 a5 10. Ba3 axb4 11. Bxb4 b6 12. a4 Ne8 13. a5 bxa5 14. Rxa5 Rxa5 15. Bxa5
h6 16. Nd2 f5 17. Nb5 Bd7 18. Qb3 Bxb5 19. cxb5 fxe4 20. Nxe4 Nf5 21. Bd3 Qa8
22. Ra1 Kh7 23. Qc4 Ne7 24. Nc3 Qa7 25. Ne4 Qa8 26. Nc3 Qa7 27. Ne4 Qa8 28. Nc3
Qa7 1/2-1/2